00845nam a22001695i 4500001000700000003000900007005001700016008004100033040002000074100001800094245031900112260005800431300002600489650003900515700002100554852010000575155452ES-MaACL20250724015107.0040721s1840 sp |||| | spa d aCAM bspa cCAM0 aHipócrates.10aAforismos de Hipócrates en latin y castellano b: traduccion nueva, arreglada á las mas correctas interpretaciones del texto griego, con pocas y breves notas en ilustracion de los lugares oscuros, para comodidad de los alumnos del arte de curar, asi latinos como romanos / cobra postuma del Dr. Garcia Suelto. aValencia : b[s.n.], c1840 (fImprenta de Cabrerizo) aXI, 240 p. ; c11 cm.04aMedicina-vObras anteriores a 18001 aGarcía Suelto. aES-MaACLjR-1784 z-- Enc. pasta española z-- Ex-libris ms. de R. Alvarez Olim: D-4040